Obálka Náhled e-knihy:
PDF
Pro půjčování e-knih musíte být přihlášeni.
Jak si půjčit online?

Projektové řízení /

Učebnice objasňuje základní principy, úkony, nástroje a metody v řízení projektů v souladu se světovými trendy moderního projektového managementu. Vyzdvihuje ty nejdůležitější základní metody a nástroje projektového řízení, které mohou využít všichni, kteří chtějí využít projektové řízení jako nástr...

Celý popis

Uloženo v:
Hlavní autor: Bočková, Kateřina (Autor)
Médium: E-kniha
Jazyk:Czech
Vydáno: Praha : E-knihy jedou, 2024
Tagy:
Žádné tagy
LEADER 01655nam a22002297i 4500
001 312270
007 ta
008 260601s2024 xr ||||| |||| 00| 0 cze d
020 |a 9990003959638 
044 |a xr 
100 1 |a  Bočková, Kateřina  |4 aut 
245 1 0 |a Projektové řízení /  |c  Bočková, Kateřina 
264 1 |a Praha :  |b E-knihy jedou,  |c 2024 
300 |a 1 online zdroj (404 stran) 
336 |a text  |b txt  |2 rdacontent 
337 |a bez média  |b n  |2 rdamedia 
338 |a online zdroj  |b cr  |2 rdacarrier 
520 2 |a Učebnice objasňuje základní principy, úkony, nástroje a metody v řízení projektů v souladu se světovými trendy moderního projektového managementu. Vyzdvihuje ty nejdůležitější základní metody a nástroje projektového řízení, které mohou využít všichni, kteří chtějí využít projektové řízení jako nástroj zefektivnění a zkvalitnění práce. Popisuje projekt napříč jednotlivými fázemi od vzniku až po vyhodnocení. Studenti budou schopni uvědomit si podstatu, význam a přínosy projektového řízení, specifikovat, co je účelné vědět v okamžiku iniciace projektu, přesně definovat cíle projektu, naučit se ověřené postupy plánování projektových prací, včetně časového rozvrhu. 
910 |a RBIT002 
998 |d 395963  |a https://core.palmknihy.cz/api/books/395963/cover?s7reea  |b https://core.palmknihy.cz/api/books/395963/cover/400?s7reea  |c https://core.palmknihy.cz/api/books/395963/cover/50?s7reea  |e   |g 404  |i 9990003959638  |k https://core.palmknihy.cz/api/books/395963/preview.pdf  |l   |q 49  |r 1  |s https://www.palmknihy.cz/kniha/395963  |t ebook  |y 2024  |z 1 
999 |d 312268